Towers International Transist Selector (Record no. 46638)

MARC details
000 -LEADER
fixed length control field 00444nam a2200145Ia 4500
008 - FIXED-LENGTH DATA ELEMENTS--GENERAL INFORMATION
fixed length control field 211109s9999||||xx |||||||||||||| ||und||
082 ## - DEWEY DECIMAL CLASSIFICATION NUMBER
Classification number 004
Item number TPO-T
100 ## - MAIN ENTRY--PERSONAL NAME
Personal name Tpowers, T D
245 #0 - TITLE STATEMENT
Title Towers International Transist Selector
260 ## - PUBLICATION, DISTRIBUTION, ETC.
Name of publisher, distributor, etc. Bpb Publications
Place of publication, distribution, etc. No 39/dt 27/2/93
Date of publication, distribution, etc. 1900
300 ## - PHYSICAL DESCRIPTION
Extent 377p.
630 ## - SUBJECT ADDED ENTRY--UNIFORM TITLE
General subdivision GENERAL STACK
650 ## - SUBJECT ADDED ENTRY--TOPICAL TERM
Topical term or geographic name entry element Computer Science nformation & General Work
942 ## - ADDED ENTRY ELEMENTS (KOHA)
Koha item type BOOK
650 ## - SUBJECT ADDED ENTRY--TOPICAL TERM
Form subdivision Data processing & computer science
Holdings
Withdrawn status Lost status Source of classification or shelving scheme Damaged status Not for loan Home library Current library Date acquired Cost, normal purchase price Full call number Barcode Shelving location Date last seen Price effective from Koha item type
    Dewey Decimal Classification     SB LIBRARY SB LIBRARY 09/11/2021 100.00 004 TOW-T 00088670 GENERAL STACK 09/11/2021 09/11/2021 BOOK

Powered by Koha